A structure for environment governance: a perspective (Record no. 85688)

000 -LEADER
fixed length control field 00477pab a2200181 454500
008 - FIXED-LENGTH DATA ELEMENTS--GENERAL INFORMATION
fixed length control field 180718b2010 xxu||||| |||| 00| 0 eng d
100 ## - MAIN ENTRY--PERSONAL NAME
Personal name Lele, Sharachchandra
245 ## - TITLE STATEMENT
Title A structure for environment governance: a perspective
260 ## - PUBLICATION, DISTRIBUTION, ETC.
Date of publication, distribution, etc. 2010
300 ## - PHYSICAL DESCRIPTION
Extent p.13-16.
362 ## - DATES OF PUBLICATION AND/OR SEQUENTIAL DESIGNATION
Dates of publication and/or sequential designation 6 Feb
650 ## - SUBJECT ADDED ENTRY--TOPICAL TERM
Topical term or geographic name entry element Environmental conservation
700 ## - ADDED ENTRY--PERSONAL NAME
Personal name Dixit, Shantanu
700 ## - ADDED ENTRY--PERSONAL NAME
Personal name Dubash, Navroz K.
773 ## - HOST ITEM ENTRY
Main entry heading Economic and Political Weekly
908 ## - PUT COMMAND PARAMETER (RLIN)
Put command parameter N
909 ## -
-- 85688
Holdings
Withdrawn status Lost status Damaged status Not for loan Permanent Location Current Location Date acquired Serial Enumeration / chronology Barcode Date last seen Price effective from Koha item type
        Indian Institute of Public Administration Indian Institute of Public Administration 2018-07-19 Volume no: 45, Issue no: 6 AR86148 2018-07-19 2018-07-19 Articles

Powered by Koha